000 00716nam a2200205 u 4500
001 000784684
003 AM-YeHGA
005 20250617144049.0
008 110125s1974 ||||||||r|||||000|0|rus|d
040 _aAM-YeHGA
041 0 _arus
100 1 _aМаршак, Макс Соломонович
245 1 0 _aПриготовление диетических блюд в домашних условиях /
_cМ.С. Маршак.
260 _aМосква :
_bПищевая промышленность,
_c1974.
300 _a145 с. :
_bрис. ;
_c20 см.
650 1 4 _aДиетология
650 1 4 _aДиета
650 1 4 _aПища технология приготовления
090 _c288489
999 _c286823
_d286823